Clasificación mundial de la libertad de prensa [recurs electrònic] (Registre núm. 1658)
[ vista simple ]
| 000 -CABECERA | |
|---|---|
| Longitud fija campo de control | 00755nas a22002177a 4500 |
| 003 - IDENTIFICADOR DEL NÚMERO DE CONTROL | |
| Identificador del número de control | OSt |
| 005 - FECHA Y HORA DE LA ÚLTIMA TRANSACCIÓN | |
| Fecha y hora de la última transacción | 20231121121815.0 |
| 008 - CÓDIGOS DE INFORMACIÓN DE LONGITUD FIJA | |
| Códigos de información de longitud fija | 130130s2009||||||||||||||||||||||||||||d |
| 040 ## - FUENTE DE LA CATALOGACIÓN | |
| Centro catalogador de origen | CDMR |
| Lengua de catalogación | cat |
| Centro transcriptor | CDMR |
| 110 2# - PUNTO DE ACCESO PRINCIPAL-NOMBRE DE ENTIDAD CORPORATIVA | |
| Nombre de entidad corporativa o nombre de jurisdicción como elemento inicial | Reporters Sans Frontières |
| 9 (RLIN) | 1923 |
| 245 00 - MENCIÓN DE TÍTULO | |
| Título | Clasificación mundial de la libertad de prensa [recurs electrònic] |
| Mención de responsabilidad, etc. | / Reporteros sin Fronteras |
| 246 ## - VARIANTES DE TÍTULO | |
| Título propio / Título en breve | Informe anual de la llibertat de premsa |
| 300 ## - DESCRIPCIÓN FÍSICA | |
| Extensión | vol. |
| Otras características físicas | [mapes ;] |
| Dimensiones | 30 cm |
| 310 ## - PERIODICIDAD ACTUAL | |
| Periodicidad actual | Anual |
| 500 ## - NOTA GENERAL | |
| Nota general | Descripció basada en: Informe 2009 |
| 610 20 - PUNTO DE ACCESO ADICIONAL DE MATERIA - NOMBRE DE ENTIDAD CORPORATIVA | |
| 9 (RLIN) | 1923 |
| Nombre de entidad corporativa o nombre de jurisdicción como elemento inicial | Reporters Sans Frontières |
| Subdivisió,n de materia general | Informes |
| 650 04 - PUNTO DE ACCESO ADICIONAL DE MATERIA - TÉRMINO DE MATERIA | |
| 9 (RLIN) | 1574 |
| Término de materia o nombre geográfico como elemento inicial | Llibertat d'informació |
| Subdivisión de materia general | Revistes |
| 650 00 - PUNTO DE ACCESO ADICIONAL DE MATERIA - TÉRMINO DE MATERIA | |
| 9 (RLIN) | 2723 |
| Término de materia o nombre geográfico como elemento inicial | Censura |
| 856 ## - LOCALIZACIÓN Y ACCESO ELECTRÓNICO | |
| Identificador Uniforme del Recurso (URI) | <a href="https://rsf.org/es/clasificacion">https://rsf.org/es/clasificacion</a> |
| Nota pública | Accés en línia |
| 942 ## - ENTRADA DE ELEMENTOS AGREGADOS (KOHA) | |
| Koha [por defecto] tipo de item | Publicacions periòdiques en línia |
| Fuente de clasificaión o esquema | |
| Suprimido | Perdido | Estropeado | No para préstamo | Localización permanente | Localización actual | Fecha adquisición | Fuente de adquisición | Serie de enumeración / cronología | Préstamos totales | Signatura completa | Código de barras | Fecha última consulta | Fecha del precio de reemplazo | Tipo de item de Koha |
|---|---|---|---|---|---|---|---|---|---|---|---|---|---|---|
| Centre de Documentació Montserrat Roig | Centre de Documentació Montserrat Roig | 2013-01-16 | Donació | 2009 - | Bb | Bb190737201301161258 | 2013-01-16 | 2013-01-16 | Publicacions periòdiques en línia | |||||
| Centre de Documentació Montserrat Roig | Centre de Documentació Montserrat Roig | 2019-10-08 | Donació | 1990 | Bb | CDMR19100001 | 2019-10-08 | 2019-10-08 | Publicacions periòdiques | |||||
| Centre de Documentació Montserrat Roig | Centre de Documentació Montserrat Roig | 2019-10-08 | Donació | 2005 | Bb | CDMR19100002 | 2019-10-08 | 2019-10-08 | Publicacions periòdiques en línia | |||||
| Centre de Documentació Montserrat Roig | Centre de Documentació Montserrat Roig | 2019-10-08 | Donació | 2008 | Bb | CDMR19100003 | 2019-10-08 | 2019-10-08 | Publicacions periòdiques en línia | |||||
| Centre de Documentació Montserrat Roig | Centre de Documentació Montserrat Roig | 2019-10-08 | Donació | 2007 | Bb | CDMR19100004 | 2019-10-08 | 2019-10-08 | Publicacions periòdiques en línia | |||||
| Centre de Documentació Montserrat Roig | Centre de Documentació Montserrat Roig | 2019-10-08 | Donació | 2004 | Bb | CDMR19100005 | 2019-10-08 | 2019-10-08 | Publicacions periòdiques en línia | |||||
| Centre de Documentació Montserrat Roig | Centre de Documentació Montserrat Roig | 2019-10-08 | Donació | 1991 | Bb | CDMR19100006 | 2019-10-08 | 2019-10-08 | Publicacions periòdiques | |||||
| Centre de Documentació Montserrat Roig | Centre de Documentació Montserrat Roig | 2019-10-08 | Donació | 1992 | Bb | CDMR19100007 | 2019-10-08 | 2019-10-08 | Publicacions periòdiques | |||||
| Centre de Documentació Montserrat Roig | Centre de Documentació Montserrat Roig | 2019-10-08 | Donació | 1993 | Bb | CDMR19100008 | 2019-10-08 | 2019-10-08 | Publicacions periòdiques | |||||
| Centre de Documentació Montserrat Roig | Centre de Documentació Montserrat Roig | 2019-10-08 | Donació | 1995 | Bb | CDMR19100009 | 2019-10-08 | 2019-10-08 | Publicacions periòdiques | |||||
| Centre de Documentació Montserrat Roig | Centre de Documentació Montserrat Roig | 2019-10-08 | Donació | 1996 | Bb | CDMR19100010 | 2019-10-08 | 2019-10-08 | Publicacions periòdiques | |||||
| Centre de Documentació Montserrat Roig | Centre de Documentació Montserrat Roig | 2019-10-08 | Donació | 1997 | Bb | CDMR19100011 | 2019-10-08 | 2019-10-08 | Publicacions periòdiques | |||||
| Centre de Documentació Montserrat Roig | Centre de Documentació Montserrat Roig | 2019-10-08 | Donació | 2000 | Bb | CDMR19100012 | 2019-10-08 | 2019-10-08 | Publicacions periòdiques |